Pensar el Diseño (Record no. 486)

MARC details
000 -LEADER
campo de control de longitud fija 01232nam a22001577a 4500
008 - DATOS DE LONGITUD FIJA--INFORMACIÓN GENERAL
campo de control de longitud fija 150327b xxu||||| |||| 00| 0 eng d
020 ## - NÚMERO INTERNACIONAL ESTÁNDAR DEL LIBRO
Número Internacional Estándar del Libro 9968928003
082 ## - NÚMERO DE LA CLASIFICACIÓN DECIMAL DEWEY
Número de clasificación 745.4
Número de ítem H 821p
100 ## - ENTRADA PRINCIPAL--NOMBRE DE PERSONA
Nombre de persona Horta Meza, Aurelio (compilador)
9 (RLIN) 2307
245 ## - MENCIÓN DEL TÍTULO
Título Pensar el Diseño
Resto del título Una profesion del siglo XXI
Mención de responsabilidad, etc. Horta Meza, Aurelio (compilador)
260 ## - PUBLICACIÓN, DISTRIBUCIÓN, ETC.
Lugar de publicación, distribución, etc. San Jose- Costa Rica
Nombre del editor, distribuidor, etc. Editorial Veritas
Fecha de publicación, distribución, etc. 2004
300 ## - DESCRIPCIÓN FÍSICA
Extensión 192 p.
Otras características físicas ill.
Dimensiones 27 cm
505 ## - NOTA DE CONTENIDO CON FORMATO
Título La invención de la huella creativa del diseño
Mención de responsabilidad Gabrio Zappelli
Título Los escenarios de la intersubjetividad
Mención de responsabilidad Jeanette Amit
Título La inestabilidad de lo estable: observaciones sobre el movimiento en la cultura occidental
Mención de responsabilidad Pablo Hernández
Título Imagenes y conceptos: relaciones entre cine y filosofia
Mención de responsabilidad Pablo Hernández
Título Percepción subjetiva vrs. persepción objetiva
Mención de responsabilidad Franklin Hernández
Título El diseño diacrónico: el tiempo y la experiencia estética
Mención de responsabilidad Pablo Ortega
Título ¿Quién le teme al abogado Coppelius? El tiempo y la experiencia estetica
Mención de responsabilidad Pablo Ortega
Título El dibujo en el campo de las bellas artes y su pertinencia para la educación del diseño
Mención de responsabilidad Jac Saorsa
Título Pensar en el diseño...hacer la sintesis
Mención de responsabilidad Aurelio Horta
650 ## - PUNTO DE ACCESO ADICIONAL DE MATERIA--TÉRMINO DE MATERIA
Subdivisión general Diseño
-- Arte
Subdivisión geográfica Costa Rica
9 (RLIN) 2308
700 ## - ENTRADA AGREGADA--NOMBRE PERSONAL
Nombre de persona Aurelio Horta Meza (compilador)
9 (RLIN) 2309
Holdings
Estatus retirado Estado de pérdida Fuente del sistema de clasificación o colocación Estado de daño No para préstamo Biblioteca de origen Biblioteca actual Ubicación en estantería Fecha de adquisición Total de préstamos Signatura topográfica completa Código de barras Visto por última vez Precio de reemplazo Tipo de ítem Koha
    Clasificación Decimal Dewey     Biblioteca LadoV Biblioteca LadoV   27/03/2015   745.4 H 821p 000257 27/03/2015 27/03/2015 Material 01